| 000 | 00389nam a2200145Ia 4500 | ||
|---|---|---|---|
| 008 | 211109s9999||||xx |||||||||||||| ||und|| | ||
| 082 |
_a894.8122 _bKAL-A |
||
| 100 | _aKalidasan, | ||
| 245 | 0 | _aAbhkijana Sakumthalam | |
| 260 |
_bMathrubhumi _aKozhikode _c1964 |
||
| 300 | _a258p. | ||
| 630 | _xGeneral Stack | ||
| 650 |
_aMalayalam Literature _vMalayalam Drama _xGeneralia |
||
| 942 | _cBOOK | ||
| 999 |
_c27053 _d27053 |
||